| 000 | 00581nam a22001817a 4500 | ||
|---|---|---|---|
| 005 | 20150911105636.0 | ||
| 010 | _aENG-113916 | ||
| 020 |
_c100.00 _a9789350450949 |
||
| 035 | _aEN-97448 | ||
| 037 |
_bDBAD/PUB _adpl |
||
| 082 | _a881 | ||
| 100 | _aSuhail Sohal | ||
| 245 |
_aBrand new parachutes / _cby Suhail Sohal |
||
| 260 |
_aCalcutta _bWriters Workshop _c2014 |
||
| 270 |
_a162/92, Lake Gardens, _bCalcutta _e700045 |
||
| 300 |
_a52p. _c22cm(Hb) |
||
| 942 |
_2ddc _cEN _mSUH _h881 |
||
| 999 |
_c96516 _d96516 |
||